000
00262nam a2200109Ia 4500
008
230222s9999 xx 000 0 und d
100
_a
Nedukunnam Gopalakrishnan
245
0
_a
Amritha Kavyangal (Malayalam)
250
_a
1
260
_b
Anurag
_c
1982
942
_c
BK
999
_c
32164
_d
32164